| 000 | 00501nam a2200181Ia 4500 | ||
|---|---|---|---|
| 003 | OSt | ||
| 005 | 20260324114547.0 | ||
| 008 | 190216s9999||||xx |||||||||||||| ||und|| | ||
| 020 | _a9788126425785 | ||
| 040 | _coclc | ||
| 082 |
_a892.43 _bAPP/B |
||
| 100 |
_aAppelfeld, Aharon _96642 |
||
| 245 | 0 |
_aBadenheim 1939 / _cAharon Appelfeld |
|
| 260 |
_bD C Books Kerala, _c2010. _aKottayam: |
||
| 300 | _a112p | ||
| 650 | _aNovel | ||
| 942 |
_cBK _2ddc _h892.43 _iAPP/B _k892.43 _mAPP/B |
||
| 999 |
_c29832 _d29832 |
||